[Event "21st Panam-ch"]
[Site "Mar del Plata ARG"]
[Date "2012.10.14"]
[Round "3.48"]
[White "Espinoza Palomino, Willyam"]
[Black "Evans, Pablo"]
[Result "1-0"]
[WhiteElo "2265"]
[BlackElo "2017"]
[EventDate "2012.10.12"]
[PlyCount "70"]

1.e4 b6 2.d4 Bb7 3.Nc3 e6 4.a3 Nf6 5.Bd3 d6 6.Nf3 Nbd7 7.Qe2 e5 8.Bg5 Be7 
9.Rd1 h6 10.Bc1 O-O 11.dxe5 dxe5 12.O-O Re8 13.Bc4 Bd6 14.Nh4 Nc5 15.f3 
Ne6 16.Nf5 Nd4 17.Nxd4 exd4 18.Nb5 Bc5 19.Qd3 Nd7 20.b4 Ne5 21.Qb3 a6 22.
bxc5 axb5 23.Bxb5 Re6 24.Be2 Ra7 25.f4 Nc6 26.cxb6 cxb6 27.Bf3 Na5 28.Qb4 
Bc6 29.Rfe1 Nc4 30.e5 Qh4 31.Rxd4 Rc7 32.g3 Rg6 33.Bg2 Qe7 34.Qxe7 Rxe7 
35.Rd8+ Kh7 1-0

[Event "21st Panam-ch"]
[Site "Mar del Plata ARG"]
[Date "2012.10.14"]
[Round "3.49"]
[White "Perez, Maximiliano"]
[Black "Rivas, Lucas"]
[Result "1-0"]
[WhiteElo "2264"]
[BlackElo "1987"]
[EventDate "2012.10.12"]
[PlyCount "47"]

1.e4 e5 2.Nf3 Nf6 3.Nc3 Nc6 4.d4 exd4 5.Nxd4 Bb4 6.Nxc6 Bxc3+ 7.bxc3 bxc6 
8.Bd3 d6 9.O-O Nd7 10.f4 O-O 11.Be3 Re8 12.Qf3 Qe7 13.Rae1 a5 14.e5 d5 15.
c4 Nc5 16.f5 Nxd3 17.cxd3 Rb8 18.Qg3 Qf8 19.Kh1 Ba6 20.cxd5 cxd5 21.Rc1 
Bxd3 22.Bc5 Qxc5 23.Rxc5 Bxf1 24.f6 1-0

[Event "21st Panam-ch"]
[Site "Mar del Plata ARG"]
[Date "2012.10.14"]
[Round "3.50"]
[White "Cuevas, Alex"]
[Black "Heinecke, Lucas"]
[Result "1/2-1/2"]
[WhiteElo "2263"]
[BlackElo "1978"]
[EventDate "2012.10.12"]
[PlyCount "61"]

1.c4 c5 2.Nc3 Nc6 3.g3 g6 4.Bg2 Bg7 5.e3 e5 6.Nge2 Nge7 7.O-O d6 8.h3 Be6 
9.Nd5 Rb8 10.d3 b5 11.Nec3 a6 12.Rb1 Qd7 13.Kh2 O-O 14.b3 bxc4 15.dxc4 Bf5
16.Ra1 Nb4 17.Bb2 Bd3 18.Nxe7+ Qxe7 19.Nd5 Qe6 20.Rg1 e4 21.Nf4 Qe7 22.
Bxg7 Kxg7 23.a3 Nc2 24.Ra2 Rxb3 25.Rxc2 Bxc2 26.Qxc2 Rfb8 27.Rd1 Rb2 28.
Qxe4 Qxe4 29.Bxe4 Rxf2+ 30.Kg1 Ra2 31.Rxd6 1/2-1/2

[Event "21st Panam-ch"]
[Site "Mar del Plata ARG"]
[Date "2012.10.14"]
[Round "3.51"]
[White "Sanchez Sandoval, Gonzalo"]
[Black "Santos, Haroldo Cunha dos"]
[Result "0-1"]
[WhiteElo "2029"]
[BlackElo "2263"]
[EventDate "2012.10.12"]
[PlyCount "74"]

1.e4 e5 2.Nf3 Nc6 3.Bb5 d6 4.d4 Bd7 5.O-O Nf6 6.Nc3 exd4 7.Nxd4 Be7 8.Be2 
O-O 9.f4 Re8 10.Bf3 Bf8 11.Nb3 a5 12.a4 Be6 13.Kh1 Bc4 14.Re1 g6 15.Be3 
Bxb3 16.cxb3 Bg7 17.g4 Nd7 18.g5 Nb4 19.Re2 Qe7 20.Qg1 Rad8 21.Rd1 b6 22.
f5 Ne5 23.f6 Qd7 24.Rf1 Nxf3 25.Rxf3 Bf8 26.Qg3 Qe6 27.Qh4 Qxb3 28.Rh3 h5 
29.gxh6 Kh7 30.Rg3 Qc4 31.Kg1 d5 32.b3 Qc6 33.exd5 Rxd5 34.Ne4 Rde5 35.
Ng5+ Rxg5 36.Qxg5 Bd6 37.Rh3 Rd8 {Ilegible} 0-1

[Event "21st Panam-ch"]
[Site "Mar del Plata ARG"]
[Date "2012.10.14"]
[Round "3.52"]
[White "Palmiotto, Marco Ivan"]
[Black "Barea, Luis"]
[Result "1-0"]
[WhiteElo "1985"]
[BlackElo "2245"]
[EventDate "2012.10.12"]
[PlyCount "91"]

1.e4 e6 2.d3 d5 3.Nd2 c5 4.Ngf3 Nc6 5.g3 Bd6 6.Bg2 Nge7 7.O-O b6 8.Re1 Bb7
9.Qe2 O-O 10.e5 Bc7 11.c3 a5 12.Nf1 Ng6 13.d4 Ba6 14.Qd1 b5 15.h4 h6 16.h5
Nge7 17.dxc5 Qb8 18.Bf4 b4 19.g4 Qb5 20.Ng3 bxc3 21.bxc3 Qd3 22.Qc1 f6 23.
Rd1 Qh7 24.exf6 Bxf4 25.Qxf4 Rxf6 26.Qe3 Raf8 27.Rd2 Kh8 28.Nh4 Bc4 29.Re1
g5 30.Nf3 Qf7 31.Nd4 e5 32.Ndf5 Nxf5 33.Nxf5 Qe6 34.Rb2 Rxf5 35.gxf5 Qxf5 
36.Bh3 Qf7 37.Bg4 d4 38.cxd4 exd4 39.Qg3 d3 40.Rb6 Bd5 41.Rd1 Qf4 42.Rxd3 
Qc1+ 43.Rd1 Qxc5 44.Qe3 Qc4 45.Be2 Qxa2 46.Rxc6 1-0

[Event "21st Panam-ch"]
[Site "Mar del Plata ARG"]
[Date "2012.10.14"]
[Round "3.54"]
[White "Bouwman, Marcelo Wanderley"]
[Black "Sampaio, Leonardo de Souza Prallon"]
[Result "1-0"]
[WhiteElo "2233"]
[BlackElo "1976"]
[EventDate "2012.10.12"]
[PlyCount "75"]

1.e4 d6 2.d4 Nf6 3.Nc3 g6 4.f4 Bg7 5.Nf3 c6 6.Bd3 Bg4 7.Be3 b5 8.O-O b4 9.
Ne2 O-O 10.Kh1 Nbd7 11.c4 bxc3 12.bxc3 c5 13.Qe1 Qc8 14.Nd2 Nb6 15.f5 Na4 
16.Rc1 Nb2 17.Bb1 Qa6 18.Nf4 cxd4 19.cxd4 g5 20.Nh3 h6 21.Qg3 Be2 22.Rfe1 
Nd3 23.Bxd3 Bxd3 24.Nf2 Bb5 25.h4 Nh5 26.Qg4 Nf6 27.Qg3 Nh5 28.Qf3 Nf6 29.
hxg5 hxg5 30.Bxg5 Rfe8 31.Qg3 Kf8 32.Ng4 Nxg4 33.Qxg4 d5 34.e5 f6 35.Bf4 
fxe5 36.dxe5 Bh6 37.e6 Bxf4 38.Qg6 1-0

[Event "21st Panam-ch"]
[Site "Mar del Plata ARG"]
[Date "2012.10.14"]
[Round "3.55"]
[White "Bulgarini Torre, Marco"]
[Black "Lingua, Alejo"]
[Result "0-1"]
[WhiteElo "1977"]
[BlackElo "2232"]
[EventDate "2012.10.12"]
[PlyCount "45"]

1.e4 c5 2.Nc3 a6 3.g3 b5 4.Bg2 Bb7 5.d3 e6 6.Nh3 d6 7.O-O Nf6 8.f4 Nc6 9.
g4 h5 10.g5 Ng4 11.g6 f6 12.Nf2 Nxf2 13.Rxf2 Qc7 14.Bh3 Bc8 15.Be3 Bd7 16.
a3 Ne7 17.f5 exf5 18.exf5 O-O-O 19.Ne4 Nd5 20.Bd2 Nb6 21.Bf4 Nd5 22.Nd2 
Nb6 23.Qe1 {Ilegible} 0-1

[Event "21st Panam-ch"]
[Site "Mar del Plata ARG"]
[Date "2012.10.14"]
[Round "3.56"]
[White "Ayala, Gustavo"]
[Black "Anino, Sergio"]
[Result "0-1"]
[WhiteElo "1955"]
[BlackElo "2226"]
[EventDate "2012.10.12"]
[PlyCount "80"]

1.e4 e5 2.Nf3 Nc6 3.Bc4 Bc5 4.c3 Nf6 5.d4 exd4 6.cxd4 Bb4+ 7.Nc3 Nxe4 8.
O-O Bxc3 9.d5 Ne5 10.Qe2 O-O 11.Nxe5 Bxe5 12.Qxe4 d6 13.f4 Bf6 14.Bd3 g6 
15.f5 Re8 16.Qf4 g5 17.Qg4 h6 18.Kh1 Kg7 19.Bd2 c5 20.Rae1 Rh8 21.Bc3 Bd7 
22.Bxf6+ Qxf6 23.Qg3 Rhf8 24.Re7 Rad8 25.h4 Kh8 26.Rfe1 Rg8 27.h5 Kg7 28.
Qf3 Rge8 29.Rxe8 Rxe8 30.Rxe8 Bxe8 31.Qe2 Qe5 32.Qxe5+ dxe5 33.g4 f6 34.
Be4 Kf8 35.Kg2 Ke7 36.d6+ Kxd6 37.Bd3 Kd5 38.Kf3 Kd4 39.Ke2 Bc6 40.Bc2 b5 
0-1

[Event "21st Panam-ch"]
[Site "Mar del Plata ARG"]
[Date "2012.10.14"]
[Round "3.57"]
[White "Sepulveda Perez, Jorge Eduardo"]
[Black "Zuriel, Marisa"]
[Result "0-1"]
[WhiteElo "1953"]
[BlackElo "2217"]
[EventDate "2012.10.12"]
[PlyCount "80"]

1.e4 c5 2.Nf3 d6 3.c3 Nf6 4.d3 Nc6 5.g3 g6 6.Bg2 Bg7 7.O-O O-O 8.Nbd2 Rb8 
9.Ng5 Qc7 10.f4 b5 11.Ndf3 b4 12.c4 a5 13.Nh3 Ng4 14.Nf2 Nd4 15.Nxg4 Bxg4 
16.Rb1 a4 17.Be3 b3 18.a3 Nc2 19.Bc1 Qd7 20.Qd2 h6 21.Ne1 Bd4+ 22.Kh1 Be3 
23.Qc3 Be2 24.Nxc2 bxc2 25.Qxc2 Bxf1 26.Bxe3 Bxg2+ 27.Kxg2 Rb3 28.f5 gxf5 
29.Bxh6 Rfb8 30.Bd2 fxe4 31.dxe4 Qb7 32.Bc3 Rxc3 33.Qe2 f5 34.Qh5 Qxe4+ 
35.Kh3 Qg4+ 36.Qxg4+ fxg4+ 37.Kxg4 Rxc4+ 38.Kg5 Re4 39.h4 Rb3 40.g4 Rg3 
0-1

[Event "21st Panam-ch"]
[Site "Mar del Plata ARG"]
[Date "2012.10.14"]
[Round "3.58"]
[White "Arias, Juan Carlos"]
[Black "Lopez Miller, Indalecio"]
[Result "0-1"]
[WhiteElo "2215"]
[BlackElo "1940"]
[EventDate "2012.10.12"]
[PlyCount "120"]

1.c4 Nf6 2.Nc3 c5 3.g3 g6 4.Bg2 Bg7 5.e4 Nc6 6.Nge2 d6 7.O-O O-O 8.d3 Ne8 
9.Be3 Bd7 10.Qd2 Nc7 11.f4 Ne6 12.f5 Ned4 13.Bh6 Rb8 14.Bxg7 Kxg7 15.Nxd4 
Nxd4 16.Nd5 f6 17.fxg6 hxg6 18.Rf2 Be6 19.Nf4 Qd7 20.Ne2 Nc6 21.b3 b5 22.
Raf1 a5 23.Rc1 Qa7 24.Nf4 Qd7 25.Ne2 bxc4 26.bxc4 Ne5 27.Rff1 Qa7 28.Rb1 
Rb6 29.Nc3 Rxb1 30.Rxb1 Bd7 31.h4 Bc6 32.Kh1 Rb8 33.Qc2 Rb6 34.Bf1 Qb7 35.
Rxb6 Qxb6 36.Qb1 Qxb1 37.Nxb1 Nxc4 38.Nc3 Ne5 39.Kg1 Nf3+ 40.Kf2 Nd4 41.
Bh3 Kh6 42.Bg4 Kg7 43.Bh3 e6 44.Ne2 Nxe2 45.Kxe2 e5 46.Be6 Kf8 47.a3 Ke7 
48.Bb3 f5 49.Ke3 Kf6 50.Bc4 g5 51.hxg5+ Kxg5 52.Be6 f4+ 53.gxf4+ exf4+ 54.
Ke2 Bb5 55.Bc8 Kf6 56.Bg4 Ke5 57.Kd2 Kd4 58.Be2 c4 59.dxc4 Bxc4 60.Bf3 Bd3
0-1

[Event "21st Panam-ch"]
[Site "Mar del Plata ARG"]
[Date "2012.10.14"]
[Round "3.59"]
[White "Ortiz, Jorge"]
[Black "Ferro, Ezequiel"]
[Result "0-1"]
[WhiteElo "1932"]
[BlackElo "2214"]
[EventDate "2012.10.12"]
[PlyCount "108"]

1.e4 c6 2.d4 d5 3.Nd2 dxe4 4.Nxe4 Bf5 5.Ng3 Bg6 6.Nf3 Nd7 7.Bd3 e6 8.O-O 
Ngf6 9.Re1 Be7 10.Qe2 O-O 11.Bd2 Qb6 12.Rab1 Rfe8 13.Bxg6 hxg6 14.c4 Qa6 
15.a3 b5 16.Ne5 Nxe5 17.dxe5 Nd7 18.cxb5 cxb5 19.Bc3 Nb6 20.Ne4 Nd5 21.
Rbc1 Qb6 22.Red1 Rac8 23.Qd2 Nxc3 24.Rxc3 Rxc3 25.Qxc3 b4 26.axb4 Bxb4 27.
Qd4 Qa5 28.Qd7 Rf8 29.Qd4 a6 30.g3 Qb5 31.Nd6 Qb8 32.Rc1 a5 33.Rc6 Qa8 34.
Qc4 Qd8 35.Rc8 Qd7 36.Rc7 Qa4 37.Nxf7 Qd1+ 38.Kg2 Rxf7 39.Rc8+ Bf8 40.f4 
Qd5+ 41.Qxd5 exd5 42.Ra8 Rb7 43.Rxa5 Rxb2+ 44.Kf3 Rd2 45.h3 Kf7 46.Ra6 Bc5
47.Kg4 Rd3 48.Ra2 Rb3 49.Rc2 Bb6 50.Kh4 d4 51.Rc6 d3 52.Rd6 Ba5 53.Kg5 d2 
54.Rd7+ Kf8 0-1

[Event "21st Panam-ch"]
[Site "Mar del Plata ARG"]
[Date "2012.10.14"]
[Round "3.60"]
[White "Caceres Vasquez, Sergio"]
[Black "Arias, Juan Cruz"]
[Result "1/2-1/2"]
[WhiteElo "2213"]
[BlackElo "1899"]
[EventDate "2012.10.12"]
[PlyCount "53"]

1.d4 e6 2.c4 Nf6 3.Nc3 Bb4 4.e3 b6 5.Ne2 Ne4 6.Qc2 Bb7 7.a3 Bxc3+ 8.Nxc3 
f5 9.Bd3 Nxc3 10.Qxc3 O-O 11.O-O d6 12.f3 Nd7 13.Bd2 Qe7 14.Qc2 Rae8 15.b4
c5 16.a4 cxd4 17.exd4 Qf6 18.Bc3 Qg5 19.a5 e5 20.axb6 axb6 21.Ra7 Rb8 22.
dxe5 Qe3+ 23.Kh1 Nxe5 24.Bxe5 Qxe5 25.Raa1 Rbe8 26.Qd2 Qd4 27.Rae1 1/2-1/2

[Event "21st Panam-ch"]
[Site "Mar del Plata ARG"]
[Date "2012.10.14"]
[Round "3.61"]
[White "Paniagua Chnelik, Sebastian"]
[Black "Hernandez Amura, Gilberto"]
[Result "1-0"]
[WhiteElo "2204"]
[BlackElo "1851"]
[EventDate "2012.10.12"]
[PlyCount "51"]

1.b3 e5 2.Bb2 d6 3.e3 Nf6 4.d4 Nbd7 5.Ne2 g6 6.Nbc3 Bg7 7.Qd2 O-O 8.O-O-O 
a5 9.Ng3 exd4 10.Qxd4 Nc5 11.Nd5 Ne8 12.Qd2 Bxb2+ 13.Kxb2 a4 14.h4 axb3 
15.axb3 c6 16.Nf4 Qb6 17.Be2 d5 18.Ra1 Rxa1 19.Rxa1 Nd6 20.Qd4 Bf5 21.Bd1 
Nb5 22.Qb4 Na6 23.Qd2 Nd6 24.Qc3 Nb5 25.Qf6 Bd7 26.Ngh5 1-0

[Event "21st Panam-ch"]
[Site "Mar del Plata ARG"]
[Date "2012.10.14"]
[Round "3.62"]
[White "Bianchi, Augusto"]
[Black "Miranda Junior, Roberto Calheiros"]
[Result "0-1"]
[WhiteElo "1903"]
[BlackElo "2200"]
[EventDate "2012.10.12"]
[PlyCount "58"]

1.e4 c5 2.c3 e6 3.d4 cxd4 4.cxd4 d5 5.Nc3 Nc6 6.Nf3 Bb4 7.e5 Qb6 8.Bd3 Bd7
9.a3 Bxc3+ 10.bxc3 Nge7 11.O-O h6 12.Bc2 Na5 13.Rb1 Qc7 14.Qd3 Rc8 15.Bb2 
Nc4 16.Rfc1 Qa5 17.Bb3 b5 18.Qe2 O-O 19.Ne1 f6 20.Nd3 Qc7 21.exf6 Rxf6 22.
Nc5 Rcf8 23.f3 Ng6 24.Bxc4 dxc4 25.Re1 Bc8 26.a4 Nf4 27.Qe5 Qf7 28.axb5 
Nxg2 29.Rf1 Nh4 0-1

[Event "21st Panam-ch"]
[Site "Mar del Plata ARG"]
[Date "2012.10.14"]
[Round "3.63"]
[White "Andrade, Roberto Luiz Costa"]
[Black "Besso, Javier Alejandro"]
[Result "1-0"]
[WhiteElo "2187"]
[BlackElo "1751"]
[EventDate "2012.10.12"]
[PlyCount "69"]

1.e4 c5 2.Nf3 d6 3.c3 Nf6 4.h3 d5 5.e5 Nfd7 6.d4 Nc6 7.Bd3 g6 8.O-O Bg7 9.
Ng5 e6 10.Be3 O-O 11.f4 cxd4 12.cxd4 Qb6 13.Rf2 Nb4 14.Bf1 f6 15.Nf3 fxe5 
16.fxe5 Bxe5 17.Nxe5 Nxe5 18.Rxf8+ Kxf8 19.a3 Nbc6 20.Nc3 Nf7 21.Bb5 a6 
22.Bxc6 bxc6 23.Qf3 Qxb2 24.Rf1 Ra7 25.Rb1 Qxa3 26.Nxd5 Qd6 27.Nf6 e5 28.
dxe5 Nxe5 29.Nd7+ Kg7 30.Nxe5 Re7 31.Rd1 Qe6 32.Bh6+ Kxh6 33.Qf8+ Kh5 34.
g4+ Kh4 35.Qh6+ 1-0

[Event "21st Panam-ch"]
[Site "Mar del Plata ARG"]
[Date "2012.10.14"]
[Round "3.64"]
[White "Espindola, Juan Carlos"]
[Black "Souza Neves, Andrey"]
[Result "0-1"]
[WhiteElo "1891"]
[BlackElo "2147"]
[EventDate "2012.10.12"]
[PlyCount "90"]

1.Nf3 Nf6 2.c4 g6 3.b3 Bg7 4.Bb2 O-O 5.g3 d6 6.Bg2 Nc6 7.O-O e5 8.d3 Nh5 
9.Nc3 f5 10.Nd5 f4 11.Nd2 fxg3 12.hxg3 Bg4 13.Ne3 Be6 14.Bd5 Bxd5 15.Nxd5 
Ne7 16.Rc1 Nxd5 17.cxd5 Nf4 18.gxf4 exf4 19.Nf3 Bxb2 20.Rc2 Bg7 21.Kg2 Rf5
22.Rg1 g5 23.Kf1 Rxd5 24.Qc1 c6 25.Qa3 Qf6 26.Qb4 Rb5 27.Qa3 h5 28.b4 Rf5 
29.Qb3+ d5 30.b5 g4 31.Nd2 Rc8 32.bxc6 Rxc6 33.f3 g3 34.Kg2 Qe6 35.Nf1 
Rxc2 36.Qxc2 Qc6 37.Qb3 b6 38.e4 Rg5 39.exd5 Qxd5 40.Nd2 Qxb3 41.Nxb3 Re5 
42.Rh1 Re2+ 43.Kg1 a5 44.Rxh5 a4 45.Nd4 Bxd4+ 0-1

[Event "21st Panam-ch"]
[Site "Mar del Plata ARG"]
[Date "2012.10.14"]
[Round "3.65"]
[White "Mackeprang, Luis"]
[Black "Zalimben, Maria Luz"]
[Result "1/2-1/2"]
[WhiteElo "2145"]
[BlackElo "1714"]
[EventDate "2012.10.12"]
[PlyCount "84"]

1.e4 e6 2.d4 d5 3.e5 c5 4.c3 Nc6 5.Nf3 Qb6 6.Bd3 cxd4 7.cxd4 Bd7 8.Nc3 
Nxd4 9.Nxd4 Qxd4 10.O-O a6 11.Qf3 Ne7 12.Bf4 Ng6 13.Ne2 Qb6 14.Bg3 Bc6 15.
Rab1 Bb5 16.Bc2 Be7 17.Rfe1 Bb4 18.Red1 O-O 19.Qg4 Bc5 20.b4 Bxe2 21.Qxe2 
Be7 22.h4 Bxh4 23.Bxh4 Nxh4 24.Bxh7+ Kxh7 25.Qh5+ Kg8 26.Qxh4 f6 27.Rd3 
Qc7 28.exf6 Rxf6 29.Rh3 Raf8 30.Qh7+ Kf7 31.Rbb3 Ke8 32.Rbc3 Qd7 33.Rc2 d4
34.Rg3 R6f7 35.Qh5 d3 36.Rd2 Qb5 37.Qxb5+ axb5 38.Rgxd3 Ke7 39.Rd7+ Kf6 
40.R7d6 Rh8 41.Re2 Re7 42.g4 Rc8 1/2-1/2

[Event "21st Panam-ch"]
[Site "Mar del Plata ARG"]
[Date "2012.10.14"]
[Round "3.66"]
[White "Arango, Andres Mauricio"]
[Black "Ezcurra, Mariano"]
[Result "1-0"]
[WhiteElo "2140"]
[BlackElo "1560"]
[EventDate "2012.10.12"]
[PlyCount "49"]

1.e4 c5 2.Nf3 e6 3.d4 cxd4 4.Nxd4 a6 5.Bd3 Qc7 6.O-O Nf6 7.Qe2 d6 8.Kh1 
Nc6 9.Nxc6 bxc6 10.f4 e5 11.Be3 Be7 12.a4 d5 13.Nd2 Ng4 14.fxe5 Nxe3 15.
Qxe3 Qxe5 16.Nf3 Qxb2 17.exd5 cxd5 18.Ng5 f6 19.Nxh7 Qe5 20.Bg6+ Kd7 21.
Qd3 Bd6 22.g3 Bb7 23.Rab1 Rab8 24.Rfe1 d4+ 25.Rxb7+ 1-0

[Event "21st Panam-ch"]
[Site "Mar del Plata ARG"]
[Date "2012.10.14"]
[Round "3.67"]
[White "Elias, Roberto"]
[Black "Borja Avila, Raul"]
[Result "0-1"]
[WhiteElo "1885"]
[BlackElo "2140"]
[EventDate "2012.10.12"]
[PlyCount "70"]

1.d4 Nf6 2.c4 g6 3.Nc3 Bg7 4.e4 d6 5.Be2 O-O 6.Nf3 Bg4 7.Nd2 Bxe2 8.Qxe2 
Nc6 9.Nb3 Nd7 10.Be3 e5 11.d5 Nd4 12.Qd1 Nxb3 13.axb3 b6 14.O-O f5 15.f4 
exf4 16.Bxf4 Nc5 17.Qd2 Bxc3 18.Qxc3 Nxe4 19.Qd4 Qf6 20.Rad1 Rae8 21.Rfe1 
Qh4 22.Bg3 Qg4 23.Rd3 Nxg3 24.Rxe8 Qxd4+ 25.Rxd4 Rxe8 26.hxg3 Re2 27.b4 
Rxb2 28.c5 Rc2 29.c6 h5 30.b5 Ra2 31.Rd3 a6 32.bxa6 Rxa6 33.Re3 Kf7 34.Kf2
Ra5 35.Rd3 Kf6 0-1

[Event "21st Panam-ch"]
[Site "Mar del Plata ARG"]
[Date "2012.10.14"]
[Round "3.68"]
[White "Speranza, Mariano"]
[Black "Fiori, Hector"]
[Result "0-1"]
[WhiteElo "1851"]
[BlackElo "2125"]
[EventDate "2012.10.12"]
[PlyCount "62"]

1.e4 c5 2.Nf3 e6 3.d4 cxd4 4.Nxd4 a6 5.Bd3 Qc7 6.Be3 b5 7.O-O Bb7 8.Nd2 
Nf6 9.Qe2 d5 10.e5 Qxe5 11.Bxb5+ Nfd7 12.Ba4 Bd6 13.f4 Qf6 14.c3 O-O 15.g4
Qh4 16.g5 Nc5 17.Bc2 Ne4 18.Nxe4 dxe4 19.Qg2 Nd7 20.Bxe4 Bxe4 21.Qxe4 Nc5 
22.Qg2 Qh5 23.Rad1 f5 24.Nxe6 Nxe6 25.Rxd6 Rae8 26.Qd5 Qg4+ 27.Kh1 Qe2 28.
Qd3 Qxb2 29.Qxa6 Nxg5 30.Qc4+ Kh8 31.Bd2 Ne4 0-1

[Event "21st Panam-ch"]
[Site "Mar del Plata ARG"]
[Date "2012.10.14"]
[Round "3.73"]
[White "Etchevest, Marcelo"]
[Black "Chiari, Arthur Gontijo"]
[Result "0-1"]
[WhiteElo "1744"]
[BlackElo "2098"]
[EventDate "2012.10.12"]
[PlyCount "70"]

1.d4 Nf6 2.Nc3 d5 3.e4 Nxe4 4.Nxe4 dxe4 5.f3 e5 6.Be3 exd4 7.Bxd4 Nc6 8.
Bb5 Bd7 9.Be3 Bd6 10.Qe2 Qh4+ 11.Bf2 Qg5 12.Be3 Qe5 13.O-O-O O-O 14.fxe4 
Qxe4 15.Bd3 Qa4 16.Kb1 Nb4 17.Bc4 Bf5 18.Bb3 Bxc2+ 19.Bxc2 Qxa2+ 20.Kc1 
Rfe8 21.Qf2 Qa1+ 22.Bb1 Re4 23.Ne2 Rae8 24.Rhf1 R8e7 25.Qf5 g6 26.Qc8+ Re8
27.Qd7 R4e7 28.Qb5 Rxe3 29.Qc4 R8e7 30.Nd4 R3e5 31.Nb3 Qa4 32.Qc3 Nd5 33.
Rxd5 Rxd5 34.Bc2 Qc6 35.Qh3 Qc4 0-1

[Event "21st Panam-ch"]
[Site "Mar del Plata ARG"]
[Date "2012.10.14"]
[Round "3.74"]
[White "Judewicz, Alejandro"]
[Black "Baquero, Yuri Paola"]
[Result "1/2-1/2"]
[WhiteElo "2084"]
[BlackElo "1780"]
[EventDate "2012.10.12"]
[PlyCount "69"]

1.e4 e6 2.Nf3 d5 3.Nc3 Nf6 4.e5 Nfd7 5.d4 h6 6.Bd3 c5 7.dxc5 Bxc5 8.Qe2 
Nc6 9.Bf4 Bb4 10.Bd2 a6 11.a3 Ba5 12.b4 Bb6 13.O-O Nd4 14.Nxd4 Bxd4 15.Qg4
Bxe5 16.Rae1 h5 17.Qf3 Qf6 18.Qxf6 Bxf6 19.Nxd5 O-O 20.Nxf6+ Nxf6 21.Bc3 
Nd5 22.Bb2 b5 23.Re4 g6 24.Re5 Ne7 25.Be4 Ra7 26.Rc5 Rd7 27.Bf3 Nd5 28.
Bxd5 Rxd5 29.Rc7 e5 30.Rc1 Rfd8 31.f4 Be6 32.Bxe5 Rd2 33.Bf6 Ra8 34.Re1 
Rad8 35.f5 1/2-1/2

[Event "21st Panam-ch"]
[Site "Mar del Plata ARG"]
[Date "2012.10.14"]
[Round "3.76"]
[White "Jorquera Alfaro, Mauricio"]
[Black "Besso, Guadalupe"]
[Result "1/2-1/2"]
[WhiteElo "2036"]
[BlackElo "1730"]
[EventDate "2012.10.12"]
[PlyCount "110"]

1.d4 Nf6 2.Nf3 g6 3.c4 Bg7 4.Nc3 d5 5.Bf4 c5 6.dxc5 Qa5 7.Qa4+ Qxa4 8.Nxa4
dxc4 9.e3 Bd7 10.Nc3 Na6 11.Bxc4 Nxc5 12.O-O O-O 13.Rac1 Rac8 14.Be5 Bg4 
15.Bd4 Nfe4 16.Nd5 Kh8 17.Rfd1 e6 18.Nc3 Nxc3 19.Bxc3 Rfd8 20.Bxg7+ Kxg7 
21.h3 Bxf3 22.gxf3 b6 23.b4 Nd3 24.Bxd3 Rxd3 25.Rxd3 Rxc1+ 26.Kg2 Rc2 27.
Ra3 Rc4 28.Rxa7 Rxb4 29.f4 h6 30.Kf3 Kf6 31.Ra3 e5 32.fxe5+ Kxe5 33.Ra7 
Kf6 34.Ra3 h5 35.Rc3 g5 36.a3 Rb1 37.Rc6+ Ke5 38.Rh6 h4 39.Rc6 f5 40.Rg6 
Rb3 41.Rc6 Rxa3 42.Rxb6 Ra1 43.Kg2 g4 44.Rg6 gxh3+ 45.Kxh3 Ra2 46.f4+ Ke4 
47.Re6+ Kf3 48.Kxh4 Rg2 49.Re5 Rg1 50.Rxf5 Kxe3 51.Rg5 Rf1 52.f5 Ke4 53.
Kg4 Rf4+ 54.Kg3 Rxf5 55.Rxf5 Kxf5 1/2-1/2

[Event "21st Panam-ch"]
[Site "Mar del Plata ARG"]
[Date "2012.10.14"]
[Round "3.77"]
[White "Bidigaray, Marcio"]
[Black "Postolski, Javier"]
[Result "0-1"]
[WhiteElo "1715"]
[BlackElo "2006"]
[EventDate "2012.10.12"]
[PlyCount "60"]

1.e4 c5 2.Nf3 d6 3.d4 cxd4 4.Nxd4 Nf6 5.Nc3 a6 6.Be2 e5 7.Nf3 Be6 8.Ng5 
Nc6 9.Nxe6 fxe6 10.Be3 Qd7 11.Bb6 Qf7 12.O-O Be7 13.f4 exf4 14.Rxf4 Ne5 
15.Qf1 O-O 16.Rd1 g5 17.Rf2 Qg6 18.h3 Nxe4 19.Nxe4 Qxe4 20.Rd2 Rxf2 21.
Bxf2 Rc8 22.c3 Rf8 23.Qe1 d5 24.Bd4 Bd6 25.Qd1 Qf4 26.Bxe5 Qe3+ 27.Kh1 
Qxe5 28.Qg1 Rf2 29.Rd1 Rxe2 30.g3 Qe4+ 0-1

[Event "21st Panam-ch"]
[Site "Mar del Plata ARG"]
[Date "2012.10.14"]
[Round "3.78"]
[White "Maldonado, Federico"]
[Black "Romero Kries, Mario Andres"]
[Result "1-0"]
[WhiteElo "1973"]
[BlackElo "1645"]
[EventDate "2012.10.12"]
[PlyCount "75"]

1.d4 d5 2.c4 e6 3.Nc3 Nf6 4.Bg5 Be7 5.Nf3 c6 6.cxd5 exd5 7.e3 Bf5 8.Bd3 
Bxd3 9.Qxd3 O-O 10.O-O Nbd7 11.Rab1 h6 12.Bh4 Bd6 13.b4 b5 14.Bg3 Qc7 15.
Rfc1 a6 16.a4 Bxg3 17.hxg3 Qd6 18.a5 Rfe8 19.Nd2 Re7 20.Qc2 Ng4 21.Ne2 Re6
22.Nf4 Rf6 23.e4 Re8 24.e5 Ngxe5 25.dxe5 Nxe5 26.Re1 Re7 27.Nd3 Nxd3 28.
Rxe7 Qxe7 29.Qxd3 Re6 30.Nf3 Re4 31.Qc3 Rc4 32.Qe5 Qf8 33.Nd4 Rxb4 34.Rxb4
Qxb4 35.Nxc6 Qb1+ 36.Kh2 Qd3 37.Qxd5 Qg6 38.Ne7+ 1-0

[Event "21st Panam-ch"]
[Site "Mar del Plata ARG"]
[Date "2012.10.14"]
[Round "3.79"]
[White "Perez Velazco, Daniela"]
[Black "Cortes Orihuela, Javier"]
[Result "0-1"]
[WhiteElo "1465"]
[BlackElo "1948"]
[EventDate "2012.10.12"]
[PlyCount "80"]

1.d4 Nf6 2.c4 g6 3.Nc3 Bg7 4.e4 d6 5.Nf3 O-O 6.Be2 e5 7.O-O Nc6 8.d5 Ne7 
9.b4 Nh5 10.Re1 f5 11.Ng5 Nf6 12.Bf3 h6 13.Ne6 Bxe6 14.dxe6 c6 15.Qb3 fxe4
16.Nxe4 Nxe4 17.Bxe4 Qc8 18.Rd1 Qxe6 19.Rxd6 Qxd6 20.c5+ Qd5 21.Bxd5+ Nxd5
22.Bb2 Rf4 23.a3 Raf8 24.Rf1 a6 25.Bc1 R4f5 26.a4 e4 27.b5 Bd4 28.Qg3 g5 
29.Qd6 R5f6 30.Qd7 e3 31.Qg4 exf2+ 32.Kh1 Ne3 33.Bxe3 Bxe3 34.bxc6 bxc6 
35.Qc4+ Kg7 36.Qxa6 Bxc5 37.Qb7+ R8f7 38.Qb2 Rd7 39.Qa1 Bd4 40.Qb1 Re6 0-1

[Event "21st Panam-ch"]
[Site "Mar del Plata ARG"]
[Date "2012.10.14"]
[Round "3.82"]
[White "Mendez, Nicolas"]
[Black "Ferreira, Kleber Victor"]
[Result "0-1"]
[WhiteElo "1744"]
[BlackElo "2121"]
[EventDate "2012.10.12"]
[PlyCount "86"]

1.c4 e5 2.Nc3 Nc6 3.g3 f5 4.Bg2 Nf6 5.d3 Bb4 6.a3 Bxc3+ 7.bxc3 d6 8.Qb3 
Na5 9.Qa4+ c6 10.Bd2 Bd7 11.c5 b5 12.cxb6 axb6 13.c4 O-O 14.e3 Nb7 15.Qc2 
Nc5 16.Ne2 Qe8 17.O-O Qh5 18.f3 Ne6 19.d4 Ng5 20.Bc3 e4 21.Nf4 Qh6 22.h4 
Nxf3+ 23.Bxf3 exf3 24.Rxf3 Rfe8 25.Bb2 Ng4 26.Re1 Nf6 27.Bc1 Ne4 28.Qg2 
Qf6 29.Bb2 Qf7 30.d5 c5 31.Qc2 Reb8 32.Ne2 Ba4 33.Qc1 Qg6 34.Kh2 Bd7 35.
Nf4 Qg4 36.Qd1 b5 37.cxb5 Rxb5 38.Bc1 Rb1 39.Qe2 Rab8 40.Rg1 Bb5 41.Qg2 
Bc4 42.Re1 Ra1 43.Rg1 Ra2 0-1

[Event "21st Panam-ch"]
[Site "Mar del Plata ARG"]
[Date "2012.10.14"]
[Round "3.84"]
[White "Lo Presti, Roberto"]
[Black "Beron, Ricardo"]
[Result "1-0"]
[WhiteElo "2065"]
[BlackElo "1703"]
[EventDate "2012.10.12"]
[PlyCount "63"]

1.e4 d6 2.d4 Nf6 3.Nc3 g6 4.f4 Bg7 5.Nf3 c5 6.dxc5 Qa5 7.Bd3 Qxc5 8.Qe2 
O-O 9.Be3 Qa5 10.O-O Nc6 11.a3 Ng4 12.Bd2 Nd4 13.Nxd4 Bxd4+ 14.Kh1 Qd8 15.
f5 Nf6 16.Bh6 Re8 17.Bc4 Bxc3 18.bxc3 Qa5 19.Qf3 Qe5 20.Rae1 Bd7 21.Bf4 
Qc5 22.Bb3 Bc6 23.fxg6 hxg6 24.Qg3 Kg7 25.Bg5 Rh8 26.Bxf6+ exf6 27.Rf5 Qb6
28.Rf4 Rh5 29.Ref1 f5 30.Rxf5 Rxh2+ 31.Qxh2 gxf5 32.Rxf5 1-0

[Event "21st Panam-ch"]
[Site "Mar del Plata ARG"]
[Date "2012.10.14"]
[Round "3.85"]
[White "Prado, Hamilton Mesquita do"]
[Black "Aberbach, Angel"]
[Result "0-1"]
[WhiteElo "1669"]
[BlackElo "2023"]
[EventDate "2012.10.12"]
[PlyCount "96"]

1.d4 Nf6 2.Bf4 d6 3.e3 g6 4.Be2 Bg7 5.Nf3 O-O 6.O-O Nh5 7.Bg5 h6 8.Bh4 Nf6
9.h3 Nbd7 10.c4 Ne4 11.Nbd2 Ndf6 12.Nxe4 Nxe4 13.Nd2 Bf5 14.Nxe4 Bxe4 15.
Bf3 Bxf3 16.Qxf3 c6 17.a4 Qd7 18.Bg3 e5 19.dxe5 dxe5 20.Rfd1 Qe6 21.Rac1 
f5 22.b4 Rad8 23.Qe2 g5 24.f4 exf4 25.Bf2 fxe3 26.Qxe3 Qxe3 27.Bxe3 a6 28.
Bb6 Rde8 29.Rd7 Rf7 30.Rcd1 Re4 31.Rxf7 Kxf7 32.Rd7+ Re7 33.Rd1 Bc3 34.Bc5
Re1+ 35.Rxe1 Bxe1 36.Kf1 Bg3 37.Ke2 Ke6 38.b5 axb5 39.axb5 cxb5 40.cxb5 
Kd5 41.Bf8 h5 42.Kd3 g4 43.hxg4 hxg4 44.Be7 Bc7 45.Ba3 Bb6 46.Be7 f4 47.
Bb4 f3 48.gxf3 g3 0-1